| 000 | 00353nam a2200145Ia 4500 | ||
|---|---|---|---|
| 008 | 230917s9999||||xx |||||||||||||| ||und|| | ||
| 040 |
_e129477 _aMAIN |
||
| 041 | _aEnglish | ||
| 082 | _a361.32 M896F | ||
| 100 | _aMujawar,W.R | ||
| 245 | 0 | _aFieldwork haning in social work | |
| 260 |
_aNew Delhi _bManglam _c2010 |
||
| 300 | _a286p. p. | ||
| 942 | _cBK | ||
| 999 |
_c154081 _d154081 |
||